000 00921nmc a2200325 a 4500
003 AR-BaBNM
005 20251128203049.0
008 186119s1933 ||||||||||||||000 | spa||
040 _cAR-BaBNM
100 1 _aLombardo Radice, Giuseppe
_d1879-1938
245 1 0 _aLecciones de didáctica
260 _aBarcelona
_bLabor
_c1933
300 0 _a479 p.
_bil.
490 0 _aBiblioteca de pedagogía contemporánea
500 0 _aApéndice p. 439-479
650 4 _aDIDACTICA
650 4 _aDISCIPLINA
650 4 _aRELACION ALUMNO-DOCENTE
650 4 _aROL DEL DOCENTE
650 4 _aRELACION FAMILIA-ESCUELA
650 4 _aFORMACION DE DOCENTES
650 4 _aBIBLIOTECAS ESCOLARES
650 4 _aEDUCACION ARTISTICA
650 4 _aENSENANZA DE LA HISTORIA
650 4 _aENSENANZA DE LA GEOGRAFIA
650 4 _aENSENANZA DE LAS MATEMATICAS
653 0 _aENSENANZA DE LA LENGUA
942 _cBK
998 _cCarmen
999 _c1720
_d1720